000 010020000a22002170004500
020 _a986-16-0342-7
041 0 _aSPA
082 0 4 _aG 173 L187c
100 1 _aLaing, Ronald D. (David) (1927-)
245 1 0 _aCordura, locura y familia : Familias de esquizofrénicos / R. D. Laing, A. Esterson
260 _aMéxico D.F., México : Fondo de Cultura Económica
300 _a234 Pag.
500 _aTítulo original : Sanity, madness, and the family
505 0 0 _aFamilia I. Los Abbott -- familia II. Los Blair -- familia III. Los Church -- familia IV. Los Danzig -- familia V. Los Eden -- familia VI. los Field -- familia VII. Los Gold -- familia VIII. Los Head -- familia IX. Los Irwin -- familia X. Los King -- familia XI. Los Lawson
650 1 4 _aESQUIZOFRENIA - ESTUDIO DE CASOS \ ESQUIZOFRENICOS - RELACIONES DE FAMILIA - ESTUDIO DE CASOS
001 1238
942 _cBK
999 _c32561
_d32561
336 _atexto
_btxt
_2rdacontent
337 _2rdamedia
_asin mediación
_bn
338 _2rdacarrier
_avolumen
_bnc